000 01177nam2a22002411 4500
001 rc\142868
005 20250612171200.0
010 _a5-900448-11-8
_98000
035 _a(NLR Aleph) 008745411
090 _a9548967
_c9548967
100 _a20030307d1994 |||y0rusy50 ca
101 0 _arus
102 _aRU
105 _aa |||||||||
200 1 _aРевизов - Скворцова
210 _d1994
_aБ. м.
215 _a718 с., [1] л. ил.
461 0 _1001rc\142858
_12001#$aКнига Памяти погибших и пропавших без вести в Великой Отечественной войне 1941-1945 годов$fПравительство Москвы$g[Редкол.: Ю.М. Лужков (пред.) и др.]$vТ. 11
_97959559
_cМ.
_d1993-
_fПравительство Москвы
_nЦентр по изд. Книги Памяти Москвы
_tКнига Памяти погибших и пропавших без вести в Великой Отечественной войне 1941-1945 годов
_y5-900448-01-0
_vТ. 11
801 0 _aRU
_bNLR
_gpsbo
801 1 _aRU
_bELAR
_2rusmarc
852 _aNLR
_bС
_jК-4/547
942 _cBOOK
980 _aNB